<?xml version="1.0" encoding="UTF-8"?>
<record
    xmlns:xsi="http://www.w3.org/2001/XMLSchema-instance"
    xsi:schemaLocation="http://www.loc.gov/MARC21/slim http://www.loc.gov/standards/marcxml/schema/MARC21slim.xsd"
    xmlns="http://www.loc.gov/MARC21/slim">

  <leader>02679nam a2200289 a 4500</leader>
  <controlfield tag="001">000045390</controlfield>
  <controlfield tag="003">DO-SdBNP</controlfield>
  <controlfield tag="005">20240301124946.0</controlfield>
  <controlfield tag="007">000045390</controlfield>
  <controlfield tag="008">150305s2014    dr  000 0 spa d</controlfield>
  <datafield tag="020" ind1=" " ind2=" ">
    <subfield code="a">9789993446286</subfield>
  </datafield>
  <datafield tag="040" ind1=" " ind2=" ">
    <subfield code="a">BPMSU</subfield>
    <subfield code="b">spa</subfield>
    <subfield code="c">BPMSU</subfield>
  </datafield>
  <datafield tag="082" ind1=" " ind2="4">
    <subfield code="a">801.93</subfield>
    <subfield code="b">R789p 2014</subfield>
    <subfield code="2">22</subfield>
  </datafield>
  <datafield tag="100" ind1="1" ind2=" ">
    <subfield code="a">Rosario Candelier, Bruno,</subfield>
    <subfield code="d">1941-</subfield>
  </datafield>
  <datafield tag="245" ind1="1" ind2="0">
    <subfield code="a">Por las amenas liras :</subfield>
    <subfield code="b">m&#xED;stica literaria y creaci&#xF3;n teopo&#xE9;tica /</subfield>
    <subfield code="c">Bruno Rosario Candelier.</subfield>
  </datafield>
  <datafield tag="260" ind1=" " ind2=" ">
    <subfield code="a">Santo Domingo :</subfield>
    <subfield code="b">Ateneo Insular Internacional,</subfield>
    <subfield code="c">2014.</subfield>
  </datafield>
  <datafield tag="300" ind1=" " ind2=" ">
    <subfield code="a">438 p. ;</subfield>
    <subfield code="c">23 cm.</subfield>
  </datafield>
  <datafield tag="490" ind1="0" ind2=" ">
    <subfield code="a">En la interior bodega,</subfield>
    <subfield code="v">7</subfield>
  </datafield>
  <datafield tag="500" ind1=" " ind2=" ">
    <subfield code="a">Incluye referencias bibliogr&#xE1;ficas y notas al pie de las p&#xE1;ginas.</subfield>
  </datafield>
  <datafield tag="505" ind1="0" ind2=" ">
    <subfield code="a">M&#xED;stica literaria. Los amanuenses del esp&#xED;ritu y la revelaci&#xF3;n po&#xE9;tica, 7.-- Intuici&#xF3;n est&#xE9;tica e interiorizaci&#xF3;n metaf&#xED;sica. Creaci&#xF3;n y espiritualidad en la lirica americana, 61.-- Interiorismo y m&#xED;stica en la poes&#xED;a del Caribe hisp&#xE1;nico, 85.-- Experiencia po&#xE9;tica y creaci&#xF3;n interiorista. El camino de la interioridad y la trascendencia, 119.-- El lenguaje b&#xED;blico en la l&#xED;rica americana, 133.-- Poes&#xED;a, religiosidad y m&#xED;stica en las letras dominicanas, 175.-- Literatura m&#xED;stica puertorrique&#xF1;a. La espiritualidad en la l&#xED;rica teopo&#xE9;tica, 199.-- Creaci&#xF3;n teopo&#xE9;tica. M&#xED;stica de la esperanza en la po&#xE9;tica de Karol Wojtyla, 225.-- Vivencia est&#xE9;tica y experiencia m&#xED;stica en la l&#xED;rica de Luce L&#xF3;pez-Baralt, 243.-- La sed de m&#xED;stica del ciervo herido en Fausto Leonardo Henr&#xED;quez, 265.-- M&#xED;stica de la inspiraci&#xF3;n en la l&#xED;rica de Teodoro Rubio, 277.-- La presencia de lo divino en Gustavo Gonz&#xE1;lez Villanueva, 283.-- Conexi&#xF3;n c&#xF3;smica y m&#xED;stica en la poes&#xED;a de Conny Palacios, 295.-- La irradiaci&#xF3;n m&#xED;stica en la poes&#xED;a de Ofelia Berrido, 315.-- El Tao po&#xE9;tico en la visi&#xF3;n m&#xED;stica de Ram&#xF3;n Antonio Jim&#xE9;nez, 337.-- La l&#xED;rica de Isabel Ripol Carulla. Vibraci&#xF3;n amorosa de visi&#xF3;n m&#xED;stica, 349.-- Metaf&#xED;sica de la divinidad en la l&#xED;rica de Oscar de Le&#xF3;n Silverio, 359.-- La unci&#xF3;n m&#xED;stica en la poes&#xED;a de Gloria Nolasco, 369.-- La voz m&#xED;stica de Jit Manuel Castillo. Puente l&#xED;rico y simb&#xF3;lico de la hermosura divina, 375.-- La experiencia cardinal en la creaci&#xF3;n po&#xE9;tica de Juan Santos, 383.-- La m&#xFA;sica sagrada de Karol Wojtyla seg&#xFA;n Bogdan Piotrowski, 397.-- La sensorialidad m&#xED;stica en la l&#xED;rica de Tulio Cordero, 411.-- Addendum. Entrevista sobre la m&#xED;stica del interiorismo, 427.</subfield>
  </datafield>
  <datafield tag="590" ind1=" " ind2=" ">
    <subfield code="a">Inventariado, 2024/VM</subfield>
  </datafield>
  <datafield tag="650" ind1=" " ind2="4">
    <subfield code="a">Misticismo y literatura.  </subfield>
  </datafield>
  <datafield tag="650" ind1=" " ind2="4">
    <subfield code="a">Estilo literario</subfield>
  </datafield>
  <datafield tag="650" ind1=" " ind2="4">
    <subfield code="a">Literatura </subfield>
    <subfield code="x">filosif&#xED;a</subfield>
    <subfield code="e"> </subfield>
  </datafield>
  <datafield tag="910" ind1=" " ind2=" ">
    <subfield code="a">VMateo V. Control de calidad. BPMSU</subfield>
  </datafield>
  <datafield tag="942" ind1=" " ind2=" ">
    <subfield code="2">ddc</subfield>
    <subfield code="c">BK</subfield>
  </datafield>
  <datafield tag="952" ind1=" " ind2=" ">
    <subfield code="0">0</subfield>
    <subfield code="1">0</subfield>
    <subfield code="2">ddc</subfield>
    <subfield code="4">0</subfield>
    <subfield code="7">0</subfield>
    <subfield code="8">CD</subfield>
    <subfield code="a">BPMET</subfield>
    <subfield code="b">BPMET</subfield>
    <subfield code="d">2015-08-26</subfield>
    <subfield code="l">0</subfield>
    <subfield code="o">BPMSU CD 801.93 R789p 2014</subfield>
    <subfield code="p">BPM15080484</subfield>
    <subfield code="r">2015-08-26</subfield>
    <subfield code="w">2015-08-26</subfield>
    <subfield code="y">BK</subfield>
  </datafield>
  <datafield tag="999" ind1=" " ind2=" ">
    <subfield code="c">8229</subfield>
    <subfield code="d">8229</subfield>
  </datafield>
</record>
